000 00783nam a2200241 i 4500
001 178444
003 ES-MaACL
005 20240229184434.0
008 110527s1945 it f |||| |dita d
080 _a75 Michelangelo
100 1 _aGamba, Carlo.
_9146790
245 1 3 _aLa pittura de Michelangelo /
_cCarlo Gamba.
260 _aNovara :
_bIstituto geografico De Agostini,
_c[1945]
300 _aXLIX, 112 p. de lám. ;
_c25 cm.
490 1 _aStoria della pittura italiana ;
_v6
500 _aÍndices.
546 _aTexto en italiano.
600 0 4 _aMichelangelo,
_d1475-1564
_980912
710 2 _aIstituto geografico De Agostini.
_9173295
830 0 _aStoria della pittura italiana ;
_v6
_9190974
852 _aES-MaACL
_jE-15210
_xOlim P-940
999 _c178444
_d178444